[Event "Seville op 38th"]
[Site "Seville"]
[Date "2013.01.18"]
[Round "8"]
[White "Gutierrez Valero, Mario"]
[Black "Montero Melendez, Rafael"]
[Result "0-1"]
[WhiteElo "2131"]
[BlackElo "2316"]
[PlyCount "62"]
[EventDate "2013.01.11"]
[EventType "swiss"]
[EventRounds "9"]
[EventCountry "ESP"]
[SourceTitle "CBM 152 Extra"]
[Source "ChessBase"]
[SourceDate "2013.02.25"]
[SourceVersion "1"]
[SourceVersionDate "2013.02.25"]
[SourceQuality "1"]

1. d4 Nf6 2. c4 e6 3. Nf3 b6 4. g3 Bb7 5. Bg2 c5 6. d5 exd5 7. Nh4 g6 8. 0-0 Bg7 9. cxd5 d6 10. Nc3 0-0 11. e4 Ba6 12. Re1 Nbd7 13. f4 Re8 14. Nf3 c4 15. Nd4 Nc5 16. e5 Nd3 17. Nc6 Qc7 18. Re3 Nd7 19. Ne4 Bf8 20. Bh3 f5 21. exf6 Rxe4 22. Rxe4 Nxf6 23. Re2 Bc8 24. Bxc8 Qxc8 25. b3 b5 26. bxc4 bxc4 27. Rc2 Qf5 28. Rxc4 Re8 29. Nd4 Qxd5 30. Qxd3 Re4 31. Kf2 Qh5 0-1